| 000 | 01125nam a22002897i 4500 | ||
|---|---|---|---|
| 999 |
_c22698 _d22698 |
||
| 003 | AR-CdUCM | ||
| 008 | 230927b ||||| |||| 00| 0 spa d | ||
| 020 | _a978-612-4392-51-1 | ||
| 040 |
_aMUNICIPALIDAD PROVINCIAL DEL CUSCO _cBIBLIOTECA MUNICIPAL DEL CUSCO |
||
| 041 | _hspa | ||
| 082 |
_a985.01 / H46 _bH46 |
||
| 100 |
_aHerrera Villagra, Sergio Alejandro _948886 |
||
| 245 | _aPensamiento, memoria e identidad en los andes coloniales siglo XVI y XVII / | ||
| 260 |
_aCusco : _bUniversidad Andina del Cusco, _c2022. |
||
| 300 |
_a453 páginas. : _bImágenes, _c24 cm. |
||
| 500 | _zbibliografía: páginas 401-453 | ||
| 505 | _aTitu Cusi Yupanqui -- Inca Garcilaso de la Vega -- Juan de Santa Cruz Pachacuti Yanqui Salcamaygua -- Felipe Guaman Poma de Ayala -- Runa Yndio Ñiscap. | ||
| 650 |
_aPolítica del diálogo _948887 |
||
| 650 |
_aMemorias del Cusco _948888 |
||
| 650 |
_aIdentidad _9255 |
||
| 650 |
_aLucha de la corrupción _948889 |
||
| 650 |
_aQuechua _92063 |
||
| 650 |
_aPensamientos ideológicos _948890 |
||
| 856 | _fwww.uandina.edu.pe | ||
| 942 |
_2ddc _cLIBROS |
||
| 945 |
_apebm _d2023-09-27 |
||